Gaming Quiz

Random Gaming or Pokémon Quiz

Guess Pokemon by Type Quiz Stats

 Plays Quiz not verified by Sporcle

Support Sporcle.
Go Orange.
Score 0/20 Timer 10:00
0 Plays Today
Question Answer Wrong Answers
Trevenant Grass
95.5%
Electric
0%
Water
0%
Fire
0%
Typhlosion Fire
95.5%
Electric
0%
Grass
0%
Water
0%
Eldegoss Grass
95.5%
Water
1.5%
Fire
0%
Electric
0%
Magmortar Fire
93.9%
Grass
0%
Electric
0%
Water
0%
Crawdaunt Water
92.4%
Electric
0%
Grass
0%
Fire
3%
Coalossal Fire
92.4%
Electric
0%
Water
1.5%
Grass
0%
Manectric Electric
92.4%
Water
1.5%
Fire
0%
Grass
0%
Jumpluff Grass
92.4%
Electric
0%
Fire
0%
Water
1.5%
Torterra Grass
92.4%
Water
0%
Fire
1.5%
Electric
1.5%
Zebstrika Electric
92.4%
Water
0%
Grass
3%
Fire
1.5%
Araquanid Water
92.4%
Grass
0%
Electric
0%
Fire
0%
Raichu Electric
92.4%
Fire
0%
Grass
0%
Water
0%
Talonflame Fire
92.4%
Grass
0%
Water
1.5%
Electric
0%
Samurott Water
90.9%
Grass
1.5%
Fire
0%
Electric
4.5%
Tentacruel Water
90.9%
Grass
0%
Fire
0%
Electric
0%
Eelektross Electric
90.9%
Grass
0%
Water
3%
Fire
0%
Dracovish Water
89.4%
Fire
3%
Electric
4.5%
Grass
1.5%
Camerupt Fire
87.9%
Water
0%
Grass
6.1%
Electric
1.5%
Boltund Electric
87.9%
Grass
3%
Fire
1.5%
Water
1.5%
Abomasnow Grass
78.8%
Electric
0%
Fire
0%
Water
13.6%

You're not logged in!

Compare scores with friends on all Sporcle quizzes.
OR
Log In

From the Vault

Click a 'Rat'

by DesertSpartan

It's safe to say that Sporcle's Rat Pack features a more random mix of people than the original group.
Remove Ads.
Support Sporcle.
Get the best of Sporcle when you Go Orange. This ad-free experience offers more features, more stats, and more fun while also helping to support Sporcle. Thank you for becoming a member.

Show Comments

Extras

Top Quizzes Today


Score Distribution

Your Account Isn't Verified!

In order to create a playlist on Sporcle, you need to verify the email address you used during registration. Go to your Sporcle Settings to finish the process.

Report this User

Report this user for behavior that violates our Community Guidelines.

Details: